<?xml version="1.0" encoding="UTF-8"?>
<collection xmlns="http://www.loc.gov/MARC21/slim">
 <record>
  <leader>02391nam a2200349 a 4500</leader>
  <controlfield tag="001">TVCDKTCT11077</controlfield>
  <controlfield tag="003">Thư viện trường Cao đẳng Kỹ thuật Cao Thắng</controlfield>
  <controlfield tag="005">20090708000000</controlfield>
  <controlfield tag="008">090708</controlfield>
  <datafield tag="980" ind1="\" ind2="\">
   <subfield code="a">Thư viện Trường CĐ Kỹ Thuật Cao Thắng</subfield>
  </datafield>
  <datafield tag="024" ind1=" " ind2=" ">
   <subfield code="a">RG_1 #1 eb0 i1</subfield>
  </datafield>
  <datafield tag="041" ind1="0" ind2="#">
   <subfield code="a">vie</subfield>
  </datafield>
  <datafield tag="082" ind1="#" ind2="#">
   <subfield code="a">657.48 / </subfield>
   <subfield code="b">H561D-ng</subfield>
  </datafield>
  <datafield tag="100" ind1="1" ind2="#">
   <subfield code="a">Ngô Thế Chi</subfield>
  </datafield>
  <datafield tag="245" ind1="0" ind2="0">
   <subfield code="a">Hướng dẫn thực hành: Kế toán và phân tích tài chính doanh nghiệp vừa và nhỏ /</subfield>
   <subfield code="c">Ngô Thế Chi, Nguyễn Trọng Cơ</subfield>
  </datafield>
  <datafield tag="250" ind1="#" ind2="#">
   <subfield code="a">In lần thứ 1</subfield>
  </datafield>
  <datafield tag="260" ind1="#" ind2="#">
   <subfield code="a">H. :</subfield>
   <subfield code="b">Thống kê ,</subfield>
   <subfield code="c">2002</subfield>
  </datafield>
  <datafield tag="300" ind1="#" ind2="#">
   <subfield code="a">476tr. ;</subfield>
   <subfield code="c">28cm</subfield>
  </datafield>
  <datafield tag="520" ind1="#" ind2="#">
   <subfield code="a">Nội dung cuốn sách hướng dẫn phương pháp ghi chép các nghiệp vụ phát sinh trong quá trình hoạt động sản xuất kinh doanh của doanh nghiệp theo các hình thức kế toán đang áp dụng rộng rãi ở nước ta, đặc biệt là hình thức chứng từ ghi sổ, một hình thức phù hợp với doanh nghiệp vừa và nhỏ. Cuốn sách gồm các phần:</subfield>
  </datafield>
  <datafield tag="520" ind1="#" ind2="#">
   <subfield code="a">Chương 1: Tổ chức kế toán trong doanh nghiệp vừa và nhỏ</subfield>
  </datafield>
  <datafield tag="520" ind1="#" ind2="#">
   <subfield code="a">Chương 2: Kế toán các loại tiền </subfield>
  </datafield>
  <datafield tag="520" ind1="#" ind2="#">
   <subfield code="a">Chương 3: Kế toán các khoản phải thu, tạm ứng và chi phí trả trước dài hạn</subfield>
  </datafield>
  <datafield tag="520" ind1="#" ind2="#">
   <subfield code="a">Chương 4: kế toán hàng tồn kho</subfield>
  </datafield>
  <datafield tag="520" ind1="#" ind2="#">
   <subfield code="a">Chương 5; Kế toán tài sản cố định và các khoản đầu tư tài chính </subfield>
  </datafield>
  <datafield tag="520" ind1="#" ind2="#">
   <subfield code="a">Chương 6: Kế toán chi phí SX, dịch vụ và tính giá thành SP, dịch vụ</subfield>
  </datafield>
  <datafield tag="520" ind1="#" ind2="#">
   <subfield code="a">Chương 7: Kế toán doanh thu, chi phí quản lý kinh doanh, chi phí tài chính và xác địng kết quả kinh doanh</subfield>
  </datafield>
  <datafield tag="520" ind1="#" ind2="#">
   <subfield code="a">Chương 8: Kế toán các khoản nợ phải trả và nguồn vốn của chủ sở hữu</subfield>
  </datafield>
  <datafield tag="520" ind1="#" ind2="#">
   <subfield code="a">Chương 9: Báo cáo tài chính </subfield>
  </datafield>
  <datafield tag="520" ind1="#" ind2="#">
   <subfield code="a">Chương 10: Phân tích tài chính trong doanh nghiệp  nhỏ và vừa</subfield>
  </datafield>
  <datafield tag="650" ind1="#" ind2="4">
   <subfield code="a">Kế toán--văn bản--chế độ</subfield>
  </datafield>
  <datafield tag="650" ind1="#" ind2="4">
   <subfield code="a">Phân tích tài chính doanh nghiệp vừa và nhỏ</subfield>
  </datafield>
  <datafield tag="700" ind1="0" ind2="#">
   <subfield code="a">Nguyễn Trọng Cơ</subfield>
  </datafield>
 </record>
</collection>
